Melaka : The transformation of a malay capital 1400-1980 /

Bibliographic Details
Format: Book
Published: Oxford: Oxford Univ., press, 1983.
Edition:Vol 1, 2.
Subjects:
LEADER 00533cam a2200181 7i4500
001 0000057132
005 20151104090000.0
005 ##20151104175200.0
002 ##000005200
003 ##MY-KlINT
008 151104 00010 eng
039 # 9 |y 201511041752  |z VLOAD 
090 0 0 |a 959.5 MEL  
245 0 0 |a Melaka :   |b The transformation of a malay capital 1400-1980 /   |c edited by by Kernial Singh Sandhu and Paul Wheatlay.. 
250 # # |a Vol 1, 2. 
260 # # |a Oxford:   |b Oxford Univ., press,   |c 1983. 
300 # # |a 816p; 26cm. 
650 # 0 |a Melaka - history